000 00346nam a2200133Ia 4500
008 210210b1969 xxu||||| |||| 00| 0 eng d
082 _a320.07 HEAT
100 _aHEATER (D B).
245 _aTeaching of politics.
260 _aLondon
_bMethuen Educational Limited
_c1969
300 _aviii,213
690 _aPolitical Thought
906 _aSG00161
999 _c111819
_d111819